Movies Quiz

Random Movies or Quote Quiz

Golden Globes 2016 (Quotes) Quiz Stats

 Plays Quiz not verified by Sporcle

Score 0/30 Timer 10:00
0 Plays Today
% Correct
Matt Damon (The Martian)
73.7%
Alicia Vikander (The Danish Girl)
66.7%
Will Smith (Concussion)
64.9%
Eddie Redmayne (The Danish Girl)
63.2%
Alicia Vikander (Ex Machina)
63.2%
Amy Schumer (Trainwreck)
59.6%
Jennifer Jason Leigh (The Hateful Eight)
57.9%
Melissa McCarthy (Spy)
49.1%
Michael Shannon (99 Homes)
47.4%
Sylvester Stallone (Creed)
47.4%
Cate Blanchett (Carol)
47.4%
Lily Tomlin (Grandma)
45.6%
Mark Rylance (Bridge of Spies)
38.6%
Saoirse Ronan (Brooklyn)
35.1%
Maggie Smith (The Lady in the Van)
35.1%
% Correct
Michael Fassbender (Steve Jobs)
33.3%
Idris Elba (Beasts of No Nation)
31.6%
Christian Bale (The Big Short)
29.8%
Leonardo DiCaprio (The Revenant)
28.1%
Bryan Cranston (Trumbo)
28.1%
Jennifer Lawrence (Joy)
26.3%
Kate Winslet (Steve Jobs)
26.3%
Al Pacino (Danny Collins)
24.6%
Brie Larson (Room)
24.6%
Rooney Mara (Carol)
22.8%
Steve Carell (The Big Short)
22.8%
Jane Fonda (Youth)
22.8%
Helen Mirren (Trumbo)
22.8%
Mark Ruffalo (Infinitely Polar Bear)
17.5%
Paul Dano (Love & Mercy)
12.3%

You're not logged in!

Compare scores with friends on all Sporcle quizzes.
OR
Log In

Sporcle TV

Today on Sporcle TV


Watch our educational content, quiz creation guides, and fun videos on Sporcle TV.

Show Comments

Extras

Top Quizzes Today


Score Distribution

Your Account Isn't Verified!

In order to create a playlist on Sporcle, you need to verify the email address you used during registration. Go to your Sporcle Settings to finish the process.

Report this User

Report this user for behavior that violates our Community Guidelines.

Details: